000 00505 a2200169 4500
003 OSt
005 20231227160753.0
008 230916b |||||||| |||| 00| 0 eng d
020 _a1857582489
040 _coclc
082 _a822.33
_bSHA/T
100 1 _aShakespeare, William,
_d1564-1616
_vAdaptations
_974
245 _aTwelfth Night /
_cWilliam Shakespeare
260 _aLondon:
_bLetts Educational,
_c2001.
300 _a68 p
942 _2ddc
_cBK
_h822.33
_iSHA/T
_k822.33
_mSHA/T
999 _c42203
_d42203